[Event "Hamburg St Pauli op-A"]
[Site "Hamburg"]
[Date "2015.07.18"]
[Round "1"]
[White "Voigt, Martin"]
[Black "Demel, Simon"]
[Result "1-0"]
[WhiteElo "2331"]
[BlackElo "2025"]
[PlyCount "71"]
[EventDate "2015.07.18"]
[EventType "swiss"]
[EventRounds "9"]
[EventCountry "GER"]
[SourceTitle "EXT 2016"]
[Source "ChessBase"]
[SourceDate "2015.10.08"]
[SourceVersion "1"]
[SourceVersionDate "2015.10.08"]
[SourceQuality "1"]

1. e4 e6 2. d4 d5 3. Nc3 Nf6 4. e5 Nfd7 5. f4 c5 6. Nf3 Nc6 7. Be3 a6 8. Qd2 cxd4 9. Nxd4 Nxd4 10. Bxd4 Bc5 11. 0-0-0 Bxd4 12. Qxd4 Qb6 13. Qd2 Nc5 14. h4 Bd7 15. h5 Na4 16. Nxa4 Bxa4 17. Qd4 Qc6 18. Rd2 Rc8 19. Rh3 0-0 20. b3 Bb5 21. Bxb5 Qxb5 22. a4 Qc5 23. Kb2 b5 24. axb5 Qxb5 25. h6 g6 26. Rdd3 Rc4 27. Qf2 Ra4 28. Rd4 Qb6 29. Rhd3 Rb8 30. Qe3 Ra5 31. Rc3 Qb7 32. Qd2 Rb5 33. f5 a5 34. Qg5 Rb4 35. Qf6 Kf8 36. fxg6 1-0

[Event "Hamburg-ch MA"]
[Site "Hamburg"]
[Date "2015.05.31"]
[Round "9"]
[White "Schulz, Hans Juergen"]
[Black "Demel, Simon"]
[Result "0-1"]
[WhiteElo "1958"]
[BlackElo "2093"]
[PlyCount "77"]
[EventDate "2015.05.23"]
[EventType "swiss"]
[EventRounds "9"]
[EventCountry "GER"]
[SourceTitle "EXT 2022"]
[Source "ChessBase"]
[SourceDate "2021.10.06"]
[SourceVersion "1"]
[SourceVersionDate "2021.10.06"]
[SourceQuality "1"]

1. e4 e6 2. e5 d5 3. Nf3 c5 4. b4 cxb4 5. a3 Nc6 6. axb4 Bxb4 7. c3 Ba5 8. d4 Nge7 9. Bd3 Bd7 10. 0-0 Bc7 11. Re1 a5 12. Na3 Na7 13. Re3 b5 14. Bd2 Rb8 15. Rb1 Nec8 16. Re1 Nb6 17. Nxb5 Nxb5 18. Bxb5 Bxb5 19. Rxb5 Nc4 20. Rxb8 Bxb8 21. Bc1 Qd7 22. Qb3 0-0 23. Ba3 Bc7 24. Rb1 h6 25. Qa2 Rb8 26. Rxb8+ Bxb8 27. Bc1 Qb5 28. h3 a4 29. Nd2 Bc7 30. Nxc4 dxc4 31. Bb2 Qb3 32. Qa1 Bd8 33. Ba3 Ba5 34. Bb2 a3 35. Bxa3 Bxc3 36. Qc1 Bxd4 37. Bd6 c3 38. Kh2 c2 39. Ba3 0-1

[Event "Hamburg-ch MA"]
[Site "Hamburg"]
[Date "2015.05.29"]
[Round "7"]
[White "Groetzbach, Julian"]
[Black "Demel, Simon"]
[Result "1-0"]
[WhiteElo "2169"]
[BlackElo "2093"]
[PlyCount "95"]
[EventDate "2015.05.23"]
[EventType "swiss"]
[EventRounds "9"]
[EventCountry "GER"]
[SourceTitle "EXT 2022"]
[Source "ChessBase"]
[SourceDate "2021.10.06"]
[SourceVersion "1"]
[SourceVersionDate "2021.10.06"]
[SourceQuality "1"]

1. Nf3 Nf6 2. c4 e6 3. g3 b6 4. Bg2 Bb7 5. 0-0 Be7 6. Re1 d5 7. cxd5 Nxd5 8. e4 Nf6 9. Nc3 c5 10. d4 cxd4 11. Nxd4 0-0 12. Bg5 Nfd7 13. Be3 Nc6 14. Ndb5 Nde5 15. Qe2 a6 16. Red1 Qc8 17. Nd6 Bxd6 18. Rxd6 Qc7 19. Rad1 Rad8 20. Rxd8 Rxd8 21. Rxd8+ Qxd8 22. Na4 Nd7 23. f4 Qc7 24. Qd2 b5 25. Nc3 Ne7 26. a4 b4 27. Ne2 Nc6 28. Qc2 a5 29. e5 Qc8 30. Nd4 Nxd4 31. Qxc8+ Bxc8 32. Bxd4 Kf8 33. Kf2 Ba6 34. Ke3 Ke7 35. Ba7 Bc4 36. Kd4 Bb3 37. Bc6 Kd8 38. Bc5 Kc7 39. Bb5 Kc8 40. g4 Bd1 41. h3 Bc2 42. Kc4 Bd1 43. Bc6 Kc7 44. Be4 Be2+ 45. Kd4 Bd1 46. Bd6+ Kb6 47. Bxh7 Bxa4 48. Bg8 1-0

[Event "Hamburg-ch MA"]
[Site "Hamburg"]
[Date "2015.05.28"]
[Round "6"]
[White "Demel, Simon"]
[Black "Reddmann, Hauke"]
[Result "1/2-1/2"]
[WhiteElo "2093"]
[BlackElo "2315"]
[PlyCount "87"]
[EventDate "2015.05.23"]
[EventType "swiss"]
[EventRounds "9"]
[EventCountry "GER"]
[SourceTitle "EXT 2022"]
[Source "ChessBase"]
[SourceDate "2021.10.06"]
[SourceVersion "1"]
[SourceVersionDate "2021.10.06"]
[SourceQuality "1"]

1. e4 c5 2. Nf3 d6 3. Bb5+ Nd7 4. d4 a6 5. Bxd7+ Bxd7 6. dxc5 dxc5 7. Ne5 Be6 8. 0-0 f6 9. Nf3 Bg4 10. Qxd8+ Rxd8 11. Be3 Bxf3 12. gxf3 e6 13. Nc3 c4 14. Rfd1 Bb4 15. Rxd8+ Kxd8 16. Bb6+ Ke7 17. Na4 Nh6 18. Bc5+ Bxc5 19. Nxc5 Nf7 20. Rd1 Nd6 21. h4 Rc8 22. Na4 b5 23. Nc3 Rc5 24. Kg2 b4 25. Ne2 Ra5 26. Ra1 e5 27. c3 Rb5 28. cxb4 Rxb4 29. b3 Nb5 30. Kg3 h5 31. Kg2 Ke6 32. Kg3 g6 33. Kg2 a5 34. Kg3 Nd6 35. Kg2 f5 36. Ng3 a4 37. exf5+ gxf5 38. bxc4 Rxc4 39. Nxh5 f4 40. Re1 Rd4 41. Kh3 Kf5 42. Ng7+ Kf6 43. Nh5+ Kf5 44. Ng7+ 1/2-1/2

[Event "Hamburg-ch MA"]
[Site "Hamburg"]
[Date "2015.05.26"]
[Round "4"]
[White "Bente, Bjoern"]
[Black "Demel, Simon"]
[Result "1/2-1/2"]
[WhiteElo "2242"]
[BlackElo "2093"]
[PlyCount "41"]
[EventDate "2015.05.23"]
[EventType "swiss"]
[EventRounds "9"]
[EventCountry "GER"]
[SourceTitle "EXT 2022"]
[Source "ChessBase"]
[SourceDate "2021.10.06"]
[SourceVersion "1"]
[SourceVersionDate "2021.10.06"]
[SourceQuality "1"]

1. Nf3 Nf6 2. c4 e6 3. g3 b6 4. Bg2 Bb7 5. 0-0 Be7 6. b3 d5 7. Bb2 c5 8. e3 Nbd7 9. Qe2 0-0 10. Rd1 Rc8 11. Nc3 Ne4 12. d3 Nxc3 13. Bxc3 Bf6 14. Rac1 Bxc3 15. Rxc3 Qc7 16. cxd5 Bxd5 17. b4 Qb8 18. bxc5 Rxc5 19. Rxc5 Nxc5 20. d4 Ne4 21. Qb2 1/2-1/2

[Event "Hamburg-ch MA"]
[Site "Hamburg"]
[Date "2015.05.25"]
[Round "3"]
[White "Demel, Simon"]
[Black "Hinrichs, Lars"]
[Result "0-1"]
[WhiteElo "2093"]
[BlackElo "2203"]
[PlyCount "58"]
[EventDate "2015.05.23"]
[EventType "swiss"]
[EventRounds "9"]
[EventCountry "GER"]
[SourceTitle "EXT 2022"]
[Source "ChessBase"]
[SourceDate "2021.10.06"]
[SourceVersion "1"]
[SourceVersionDate "2021.10.06"]
[SourceQuality "1"]

1. e4 c5 2. Nf3 d6 3. Bb5+ Nd7 4. d4 cxd4 5. Qxd4 e5 6. Qd3 Be7 7. 0-0 Ngf6 8. Bg5 0-0 9. Bxd7 Qxd7 10. Bxf6 Bxf6 11. Nc3 b6 12. Rfd1 Rd8 13. Rd2 Qg4 14. Rad1 Bb7 15. Nd5 Rac8 16. c3 h5 17. Qe2 Qe6 18. g3 g6 19. Qe3 Kg7 20. Kg2 Rc6 21. Ne1 Bc8 22. Nc2 a5 23. Na3 h4 24. b3 Rh8 25. Nxb6 Qh3+ 26. Kg1 Bg4 27. f3 hxg3 28. Kh1 g2+ 29. Rxg2 Bxf3 0-1

[Event "Bargteheide op"]
[Site "Bargteheide"]
[Date "2015.05.15"]
[Round "3"]
[White "Demel, Simon"]
[Black "Moshtael, Wesal"]
[Result "1/2-1/2"]
[WhiteElo "2093"]
[BlackElo "2263"]
[PlyCount "131"]
[EventDate "2015.05.14"]
[EventType "swiss"]
[EventRounds "7"]
[EventCountry "GER"]
[SourceTitle "CBM 166 Extra"]
[Source "ChessBase"]
[SourceDate "2015.06.18"]
[SourceVersion "1"]
[SourceVersionDate "2015.06.18"]
[SourceQuality "1"]

1. e4 e6 2. d4 d5 3. Nd2 Nc6 4. Ngf3 Nf6 5. e5 Nd7 6. Bb5 a5 7. 0-0 Be7 8. Re1 Na7 9. Bd3 c5 10. c3 b5 11. Qc2 g6 12. Qd1 Qb6 13. Nf1 Ba6 14. Ng3 b4 15. Bg5 Nc6 16. Bxe7 Kxe7 17. Ne2 Bxd3 18. Qxd3 c4 19. Qc2 Rab8 20. Reb1 h6 21. Nd2 Rhc8 22. Kf1 Kf8 23. Kg1 Kg7 24. Ng3 Rb7 25. Ne2 Rcb8 26. Ng3 Qd8 27. Kf1 Qe7 28. Ne2 Na7 29. Qc1 Nb6 30. a3 bxa3 31. bxa3 Qd7 32. Qc2 Nc6 33. Ke1 a4 34. Rd1 Na5 35. Ra2 Nb3 36. Nb1 Nc8 37. Ng3 Ne7 38. Kf1 Nc6 39. Ne2 Rb6 40. g3 Qb7 41. Nd2 Nxd2+ 42. Rxd2 Rb1+ 43. Kg2 Qb3 44. Nc1 Qxc2 45. Rdxc2 Na5 46. Ne2 Nc6 47. Ng1 Na7 48. Nf3 Nb5 49. Nd2 Rb3 50. Ra1 Nxa3 51. Rca2 Rb2 52. Rxb2 Rxb2 53. Rxa3 Rxd2 54. Rxa4 Rb2 55. Ra1 h5 56. Kf3 Rc2 57. Ra3 g5 58. h3 Kg6 59. g4 h4 60. Ke3 Rc1 61. Kf3 Rh1 62. Kg2 Rb1 63. Ra2 f6 64. Ra6 Kf7 65. Ra7+ Kg6 66. Ra6 1/2-1/2

[Event "Bargteheide op"]
[Site "Bargteheide"]
[Date "2015.05.14"]
[Round "2"]
[White "Thannheiser, Thomas"]
[Black "Demel, Simon"]
[Result "1/2-1/2"]
[WhiteElo "2237"]
[BlackElo "2093"]
[PlyCount "81"]
[EventDate "2015.05.14"]
[EventType "swiss"]
[EventRounds "7"]
[EventCountry "GER"]
[SourceTitle "CBM 166 Extra"]
[Source "ChessBase"]
[SourceDate "2015.06.18"]
[SourceVersion "1"]
[SourceVersionDate "2015.06.18"]
[SourceQuality "1"]

1. e4 e6 2. d4 d5 3. Nd2 Nf6 4. Bd3 c5 5. c3 cxd4 6. cxd4 dxe4 7. Nxe4 Nc6 8. Nf3 Bb4+ 9. Nc3 0-0 10. 0-0 b6 11. Re1 Bb7 12. a3 Be7 13. Bc2 Rc8 14. Qd3 g6 15. Bh6 Re8 16. Rad1 Qc7 17. Ba4 Red8 18. Qe2 Nd5 19. Ne4 Bf8 20. Bg5 Be7 21. Bh6 Bf8 22. Qd2 Nce7 23. Ng3 Bg7 24. Bb3 Ba6 25. Bg5 Rf8 26. h4 Qb7 27. Ne4 Qb8 28. Ng3 Bc4 29. Bc2 Nc6 30. b3 Bb5 31. Be4 Nce7 32. Rc1 Rxc1 33. Rxc1 Rc8 34. h5 Rxc1+ 35. Qxc1 Qc8 36. Qxc8+ Nxc8 37. Bxd5 exd5 38. hxg6 hxg6 39. Bf4 Ne7 40. Be5 Nc6 41. Bxg7 1/2-1/2